Pla Jove 2000 - 2003 : pla director de joventut de la Diputació de Barcelona : catàleg d'actuacions pla director de joventut de la Diputació de Barcelona :
Descripción Física:
91 p. ; 30 cm
MARC
| LEADER | 00000nam a2200000Ia 4500 | ||
|---|---|---|---|
| 001 | 13039 | ||
| 008 | 160829s2001 xx 000 0 cat d | ||
| 080 | |a S-1-167 | ||
| 100 | |a Pla Jove 2000-2003 |9 37995 | ||
| 245 | |a Pla Jove 2000 - 2003 : |b pla director de joventut de la Diputació de Barcelona : |b catàleg d'actuacions | ||
| 250 | |a Ed. no venal | ||
| 260 | |a Barcelona : |b Diputació de Barcelona, Area de Cultura, Oficina del Pla Jove, |c 2001 | ||
| 300 | |a 91 p. ; |c 30 cm | ||
| 590 | |a Versió en línia: <http://www.diba.es/plajove/pladirector.asp> | ||
| 650 | |a Pla Jove 2000-2003 |9 37995 | ||
| 651 | 0 | |a Barcelona (Catalunya : Província) |x Política de la joventut |9 56246 | |
| 710 | 1 | |a Barcelona (Catalunya : Província). |b Oficina del Pla Jove |9 52707 | |
| 901 | |a Arxiu | ||
| 942 | |n 1 | ||
| 952 | |0 0 |1 0 |4 0 |6 S1167 |7 1 |9 48189 |a Arxiu |b Arxiu |d 2016-12-01 |l 0 |o S-1-167 |p 13039 |r 2016-12-01 00:00:00 |w 2016-12-01 |y ARXIU | ||
| 999 | |c 51995 |d 51995 | ||